000 00946cai a22002055a 4500
001 L156067
008 120427u2012 xxk g 000 0 eng d
035 _a(Sirsi) u156067
041 0 _aeng
110 2 _aAustralian Government Department of Climate Change and Energy Efficiency
_96052
245 0 0 _aAustralian Government Department of Climate Change and Energy Efficiency
_h[electronic resource]
260 _aCanberra
_bDCCEE
_c2012
520 _aAustralian Government Department of Climate Change and Energy Efficiency is committed to actions which will reduce Australia's greenhouse emissions, adapt to the impacts of climate change we cannot avoid and help shape a global solution to environmental challenges.
590 _aKA
651 4 _aAustralia
690 _aEnergy
_96237
690 _aEnvironment
_96238
856 4 0 _uhttps://www.climatechange.gov.au/
_zView the website free of charge at www.climatechange.gov.uk
942 _n0
999 _c120977
_d120977